[Event "BI-2014-P-0019"]
[Site "LSS email"]
[Date "2014.04.19"]
[Round "?"]
[White "Gyimesi, Jenoe"]
[Black "Caviglia, Maximiliano"]
[Result "1-0"]
[WhiteElo "1901"]
[BlackElo "1129"]
[PlyCount "25"]
[EventDate "2014.04.25"]
[EventType "tourn (corr)"]
[EventRounds "10"]
[EventCountry "GER"]
[SourceTitle "Corr 2015"]
[Source "ChessBase"]
[SourceDate "2015.07.17"]
[SourceVersion "1"]
[SourceVersionDate "2015.07.17"]
[SourceQuality "1"]

1. e4 c6 2. Nf3 d5 3. Nc3 dxe4 4. Nxe4 Bf5 5. Ng3 Bg6 6. h4 h6 7. Ne5 Bh7 8. Qh5 g6 9. Qf3 f6 10. Bc4 e6 11. Qg4 f5 12. Qe2 Qf6 13. b3 1-0

[Event "BI-2014-P-0019"]
[Site "LSS email"]
[Date "2014.04.19"]
[Round "?"]
[White "Lonyuk, Bohdan"]
[Black "Gyimesi, Jenoe"]
[Result "1/2-1/2"]
[WhiteElo "1158"]
[BlackElo "1901"]
[PlyCount "66"]
[EventDate "2014.04.25"]
[EventType "tourn (corr)"]
[EventRounds "10"]
[EventCountry "GER"]
[SourceTitle "Corr 2015"]
[Source "ChessBase"]
[SourceDate "2015.07.17"]
[SourceVersion "1"]
[SourceVersionDate "2015.07.17"]
[SourceQuality "1"]

1. e4 e5 2. f4 exf4 3. Nf3 g5 4. d4 g4 5. Bxf4 gxf3 6. Qxf3 Nc6 7. Bc4 d5 8. Bxd5 Nxd4 9. Bxf7+ Kxf7 10. Qh5+ Kg7 11. 0-0 Be7 12. Nc3 Nf6 13. Bh6+ Kg8 14. Qg5+ Kf7 15. Qh5+ Ke6 16. Rxf6+ Bxf6 17. Rf1 Rg8 18. e5 Rg6 19. exf6 Kf7 20. Ne4 Bf5 21. Ng5+ Kxf6 22. Nxh7+ Kf7 23. Rxf5+ Nxf5 24. Qxf5+ Rf6 25. Qh5+ Kg8 26. Nxf6+ Qxf6 27. h3 Qxb2 28. Qd5+ Kh7 29. Bf4 Qb6+ 30. Kh2 Rf8 31. Qd7+ Kg6 32. Be5 Rf7 33. Qg4+ Kh6 1/2-1/2

[Event "BI-2014-P-0019"]
[Site "LSS email"]
[Date "2014.04.19"]
[Round "?"]
[White "Nemec, Zdenek"]
[Black "Gyimesi, Jenoe"]
[Result "1-0"]
[WhiteElo "2215"]
[BlackElo "1901"]
[PlyCount "103"]
[EventDate "2014.04.25"]
[EventType "tourn (corr)"]
[EventRounds "10"]
[EventCountry "GER"]
[SourceTitle "Corr 2015"]
[Source "ChessBase"]
[SourceDate "2015.07.17"]
[SourceVersion "1"]
[SourceVersionDate "2015.07.17"]
[SourceQuality "1"]

1. e4 e5 2. Nf3 Nc6 3. Bb5 a6 4. Ba4 Nf6 5. 0-0 Nxe4 6. d4 exd4 7. Re1 d5 8. Nxd4 Bd6 9. Nxc6 Bxh2+ 10. Kh1 Qh4 11. Rxe4+ dxe4 12. Qd8+ Qxd8 13. Nxd8+ Kxd8 14. Kxh2 Be6 15. Be3 f5 16. Nd2 b5 17. Bb3 Ke7 18. g4 g6 19. c4 Rhe8 20. Kg3 h5 21. gxf5 gxf5 22. Bg5+ Kf7 23. Kh4 Reb8 24. Rc1 c6 25. Bd1 bxc4 26. Nxc4 Bd5 27. Bb3 Ke6 28. Be3 Rxb3 29. axb3 Rg8 30. Kxh5 Rh8+ 31. Kg5 Rg8+ 32. Kh4 Rh8+ 33. Kg3 Rg8+ 34. Kh2 Rb8 35. Na5 Rf8 36. Nxc6 f4 37. Bb6 e3 38. f3 Kf6 39. Bd4+ Ke6 40. Bg7 Rg8 41. Nd4+ Kd6 42. Rg1 Rxg7 43. Rxg7 Ke5 44. Nc2 Bxf3 45. Kg1 Bd5 46. Ne1 Bxb3 47. Ng2 Ke4 48. Rg4 Kd3 49. Rxf4 a5 50. Kf1 Kc2 51. Nxe3+ Kxb2 52. Nc4+ 1-0

[Event "BI-2014-P-0019"]
[Site "LSS email"]
[Date "2014.04.19"]
[Round "?"]
[White "Sensabaugh, Gene"]
[Black "Gyimesi, Jenoe"]
[Result "0-1"]
[WhiteElo "1592"]
[BlackElo "1901"]
[PlyCount "46"]
[EventDate "2014.04.25"]
[EventType "tourn (corr)"]
[EventRounds "10"]
[EventCountry "GER"]
[SourceTitle "Corr 2015"]
[Source "ChessBase"]
[SourceDate "2015.07.17"]
[SourceVersion "1"]
[SourceVersionDate "2015.07.17"]
[SourceQuality "1"]

1. e4 e5 2. Nf3 Nc6 3. Bc4 Bc5 4. c3 Nf6 5. 0-0 Nxe4 6. d3 Nxf2 7. Rxf2 Bxf2+ 8. Kxf2 d5 9. Bb3 Bg4 10. Nbd2 Qd6 11. h3 Bd7 12. Nf1 f6 13. Qc2 Na5 14. Bd2 Nxb3 15. axb3 0-0 16. Kg1 c5 17. N3h2 f5 18. Re1 Rae8 19. b4 cxb4 20. cxb4 Bb5 21. b3 Rc8 22. Qb1 e4 23. dxe4 dxe4 0-1

[Event "BI-2013-F-0012"]
[Site "LSS email"]
[Date "2014.02.21"]
[Round "?"]
[White "Gyimesi, Jenoe"]
[Black "Kobryn, Wieslaw"]
[Result "1/2-1/2"]
[WhiteElo "1901"]
[BlackElo "1898"]
[PlyCount "81"]
[EventDate "2014.02.27"]
[EventType "tourn (corr)"]
[EventRounds "10"]
[EventCountry "GER"]
[SourceTitle "Corr 2015"]
[Source "ChessBase"]
[SourceDate "2015.07.17"]
[SourceVersion "1"]
[SourceVersionDate "2015.07.17"]
[SourceQuality "1"]

1. d4 d5 2. Nf3 Nf6 3. Bf4 Bf5 4. e3 e6 5. Bd3 Bxd3 6. Qxd3 Nbd7 7. Nbd2 Bd6 8. 0-0 Bxf4 9. exf4 0-0 10. f5 exf5 11. Qxf5 c5 12. Rfe1 Qb6 13. g4 g6 14. Qf4 Qxb2 15. g5 Nh5 16. Qd6 Rad8 17. Qxd5 cxd4 18. Qb3 Qc3 19. Qxc3 dxc3 20. Ne4 f6 21. Rad1 fxg5 22. Nfxg5 Ndf6 23. Nxc3 Rc8 24. Rd3 Nf4 25. Rf3 Rc5 26. h4 Ng4 27. Rg3 Nxf2 28. Ne2 Re5 29. Nxf4 Rxe1+ 30. Kxf2 Rc1 31. Rf3 Rxc2+ 32. Kg3 Rc4 33. Nge6 Re8 34. Rd3 Rc6 35. Nd8 Rb6 36. Rd7 Re3+ 37. Kf2 Rc3 38. Nde6 Rb2+ 39. Ne2 Rcc2 40. N6d4 Rc8 41. Kf3 1/2-1/2

[Event "BI-2013-F-0012"]
[Site "LSS email"]
[Date "2014.02.21"]
[Round "?"]
[White "Kulczycki, Michael"]
[Black "Gyimesi, Jenoe"]
[Result "1/2-1/2"]
[WhiteElo "1894"]
[BlackElo "1901"]
[PlyCount "70"]
[EventDate "2014.02.27"]
[EventType "tourn (corr)"]
[EventRounds "10"]
[EventCountry "GER"]
[SourceTitle "Corr 2015"]
[Source "ChessBase"]
[SourceDate "2015.07.17"]
[SourceVersion "1"]
[SourceVersionDate "2015.07.17"]
[SourceQuality "1"]

1. e4 c5 2. Nf3 d6 3. d4 cxd4 4. Nxd4 Nf6 5. Nc3 Nc6 6. Bc4 Qb6 7. Nb3 e6 8. Bf4 Nxe4 9. Nxe4 d5 10. Bxd5 exd5 11. Qxd5 Be6 12. Qg5 Qb4+ 13. Nc3 h6 14. Qg3 0-0-0 15. 0-0 g5 16. Bc7 Rd7 17. Be5 Rg8 18. Rfd1 Nxe5 19. Qxe5 Bd6 20. Qe3 Qf4 21. Qxf4 gxf4 22. Nb5 Bb8 23. Kh1 f3 24. g3 Rgd8 25. Rxd7 Rxd7 26. N5d4 Bxb3 27. Nxb3 a6 28. Kg1 Ba7 29. Re1 a5 30. Re8+ Kc7 31. Kf1 a4 32. Nc1 Rd1+ 33. Re1 Rd2 34. Nd3 Kd6 35. Rc1 Kd5 1/2-1/2

[Event "CP-2013-P-00036"]
[Site "LSS email"]
[Date "2013.09.30"]
[Round "?"]
[White "Lombart, Philippe"]
[Black "Gyimesi, Jenoe"]
[Result "1/2-1/2"]
[WhiteElo "1639"]
[BlackElo "1901"]
[PlyCount "119"]
[EventDate "2013.10.01"]
[EventType "tourn (corr)"]
[EventRounds "6"]
[EventCountry "GER"]
[SourceTitle "Corr 2015"]
[Source "ChessBase"]
[SourceDate "2015.07.17"]
[SourceVersion "1"]
[SourceVersionDate "2015.07.17"]
[SourceQuality "1"]

1. d4 Nf6 2. c4 e6 3. Nc3 Bb4 4. Qc2 0-0 5. a3 Bxc3+ 6. Qxc3 Ne4 7. Qc2 f5 8. Nh3 d6 9. f3 Nf6 10. e3 e5 11. dxe5 dxe5 12. Be2 Nc6 13. 0-0 a5 14. Rd1 Qe7 15. b3 Be6 16. Bd2 Nd7 17. Qb2 f4 18. Nf2 Rad8 19. Ne4 Nf6 20. Nxf6+ Rxf6 21. exf4 exf4 22. Bc3 Rxd1+ 23. Rxd1 Rh6 24. Be1 Qc5+ 25. Bf2 Qh5 26. h4 Rg6 27. Kh2 Rf6 28. Qc2 Rf8 29. Bd3 Ne5 30. Be4 c6 31. Qc3 a4 32. Re1 Ng6 33. Bxg6 Qxg6 34. bxa4 h6 35. Re4 Qf7 36. a5 Bc8 37. Qe1 Qf5 38. Re5 Qg6 39. Bc5 Rd8 40. Re4 Qf5 41. Bb4 Kh7 42. Bc3 Qg6 43. Rxf4 Re8 44. Be5 Bf5 45. Qc3 c5 46. g4 Bb1 47. Qe1 Kg8 48. h5 Qd3 49. Kg3 Ba2 50. a4 Bb3 51. Re4 Bxa4 52. Re3 Qxc4 53. Bd6 Rd8 54. Re4 Qb5 55. Bxc5 Qxc5 56. Rxa4 Qc7+ 57. Kh3 Rf8 58. Qe6+ Kh8 59. Qe3 Kg8 60. Qe6+ 1/2-1/2

[Event "CP-2013-P-00036"]
[Site "LSS email"]
[Date "2013.09.30"]
[Round "?"]
[White "Martins, Karin"]
[Black "Gyimesi, Jenoe"]
[Result "1/2-1/2"]
[WhiteElo "1760"]
[BlackElo "1901"]
[PlyCount "123"]
[EventDate "2013.10.01"]
[EventType "tourn (corr)"]
[EventRounds "6"]
[EventCountry "GER"]
[SourceTitle "Corr 2015"]
[Source "ChessBase"]
[SourceDate "2015.07.17"]
[SourceVersion "1"]
[SourceVersionDate "2015.07.17"]
[SourceQuality "1"]

1. e4 e5 2. Nf3 Nc6 3. Bb5 a6 4. Ba4 Be7 5. 0-0 Nf6 6. Re1 b5 7. Bb3 d6 8. h3 Na5 9. c3 Nxb3 10. axb3 Bb7 11. Qc2 0-0 12. d4 exd4 13. cxd4 d5 14. e5 Ne4 15. Nc3 Qd7 16. Be3 Rac8 17. Red1 Rfd8 18. Nd2 Nxd2 19. Qxd2 Qf5 20. Ne2 f6 21. exf6 Qxf6 22. Nf4 Rf8 23. Nd3 Rce8 24. Ne5 Qf5 25. b4 Bd6 26. f4 Re6 27. Rf1 h5 28. Rae1 h4 29. Qc3 Qh5 30. Bd2 Rf5 31. Qd3 Re7 32. Re2 Re8 33. Rfe1 Rff8 34. Rc1 Re6 35. Qe3 Rfe8 36. Ree1 Rd8 37. Rf1 Rf8 38. Rfd1 Ree8 39. Re1 Rf5 40. Qd3 Ref8 41. Kh1 R8f6 42. Nd7 Rh6 43. Qe3 Rh8 44. Qb3 Kh7 45. Nc5 Bc8 46. Nd3 Re8 47. Ne5 Bb7 48. Qc2 Kg8 49. Qc3 Rff8 50. Qe3 Re6 51. Kh2 Ref6 52. Qa3 Rf5 53. Kg1 R8f6 54. Qe3 Re6 55. Qb3 Kh7 56. Qd3 Re8 57. Kh1 Ra8 58. Nf3 Raf8 59. Rc2 Kg8 60. Kg1 Bc8 61. Ne5 Re8 62. Qb3 1/2-1/2

[Event "BI-2013-P-00015"]
[Site "LSS email"]
[Date "2013.04.22"]
[Round "?"]
[White "Gyimesi, Jenoe"]
[Black "Gyongyosi, Peter Laszlo"]
[Result "1-0"]
[WhiteElo "1940"]
[BlackElo "807"]
[PlyCount "75"]
[EventDate "2013.04.25"]
[EventType "tourn (corr)"]
[EventRounds "10"]
[EventCountry "GER"]
[SourceTitle "Telechess CBM 167"]
[Source "ChessBase"]
[SourceDate "2015.07.13"]
[SourceVersion "1"]
[SourceVersionDate "2015.07.13"]
[SourceQuality "1"]

1. e4 e5 2. Nf3 Nc6 3. Bb5 d6 4. d4 exd4 5. Nxd4 Bd7 6. 0-0 Nf6 7. Nc3 Be7 8. Nxc6 Bxc6 9. Bd3 0-0 10. Nd5 Nxd5 11. exd5 Bd7 12. Re1 Bf6 13. c3 Re8 14. Rxe8+ Qxe8 15. Be3 c6 16. a4 c5 17. Qb3 Rb8 18. Bd2 Qe5 19. Re1 Qh5 20. Bf4 Be5 21. Bxe5 dxe5 22. Qc4 b6 23. b4 Rc8 24. Qa6 Qh6 25. Qxa7 Qd2 26. Re3 Qd1+ 27. Bf1 Bxa4 28. Rd3 Qc2 29. d6 g6 30. d7 Rf8 31. d8Q Rxd8 32. Rxd8+ Kg7 33. Qe7 Qxc3 34. Qf8+ Kf6 35. Rd6+ Kg5 36. h4+ Kf5 37. Qc8+ Ke4 38. Qg4# 1-0

[Event "BI-2013-P-00015"]
[Site "LSS email"]
[Date "2013.04.22"]
[Round "?"]
[White "Lombart, Philippe"]
[Black "Gyimesi, Jenoe"]
[Result "0-1"]
[WhiteElo "1628"]
[BlackElo "1940"]
[PlyCount "72"]
[EventDate "2013.04.25"]
[EventType "tourn (corr)"]
[EventRounds "10"]
[EventCountry "GER"]
[SourceTitle "Telechess CBM 167"]
[Source "ChessBase"]
[SourceDate "2015.07.13"]
[SourceVersion "1"]
[SourceVersionDate "2015.07.13"]
[SourceQuality "1"]

1. d4 Nf6 2. c4 e6 3. Nc3 Bb4 4. e3 d5 5. Nf3 0-0 6. Bd3 c5 7. 0-0 dxc4 8. Bxc4 cxd4 9. exd4 Nc6 10. Bg5 h6 11. Bh4 Be7 12. Bg3 b6 13. a3 Bb7 14. Re1 a6 15. Rc1 b5 16. Bf1 Rc8 17. h3 Qb6 18. d5 exd5 19. Nxd5 Nxd5 20. Qxd5 Bf6 21. Qd2 Qd8 22. Rcd1 Qxd2 23. Rxd2 Rfd8 24. Red1 Bxb2 25. Bd6 Bc3 26. Rd3 Bf6 27. Bg3 Rxd3 28. Rxd3 Re8 29. Rd7 Re7 30. Rxe7 Bxe7 31. a4 bxa4 32. Bc4 Na5 33. Ba2 Bxf3 34. gxf3 Nc6 35. Kf1 a3 36. Ke2 Nb4 0-1

[Event "WC-2017-P-00012"]
[Site "LSS email"]
[Date "2013.02.27"]
[Round "?"]
[White "Rutten, David"]
[Black "Gyimesi, Jenoe"]
[Result "1-0"]
[WhiteElo "2203"]
[BlackElo "1911"]
[PlyCount "109"]
[EventDate "2013.03.03"]
[EventType "tourn (corr)"]
[EventRounds "12"]
[EventCountry "GER"]
[SourceTitle "Telechess CBM 167"]
[Source "ChessBase"]
[SourceDate "2015.07.13"]
[SourceVersion "1"]
[SourceVersionDate "2015.07.13"]
[SourceQuality "1"]

1. e4 c5 2. Nf3 Nc6 3. d4 cxd4 4. Nxd4 Nf6 5. Nc3 d6 6. Bg5 h6 7. Bxf6 gxf6 8. Qd2 Nxd4 9. Qxd4 Bd7 10. 0-0-0 Qa5 11. f4 Rc8 12. Kb1 Bg7 13. f5 Qc5 14. Qd3 0-0 15. h4 Qe5 16. Rh3 Rc5 17. Rg3 Kh8 18. Be2 b5 19. a3 a5 20. Bh5 Be8 21. Ne2 b4 22. axb4 axb4 23. Qf3 Rc4 24. Qb3 Qb5 25. Qd3 Qc6 26. Nd4 Qc7 27. Qe2 Rg8 28. Re3 Qc8 29. Qd2 Rc5 30. Rd3 Qa8 31. Nb3 Rc7 32. Qxb4 Rf8 33. Qb6 Rc6 34. Qe3 Ra6 35. Rc3 Bc6 36. Rd4 Ba4 37. Rc7 e5 38. Rd1 Bxb3 39. cxb3 Kg8 40. Qd3 Ra1+ 41. Kc2 Ra7 42. Rxa7 Qxa7 43. Qxd6 Qf2+ 44. Kb1 Qxg2 45. Qc6 Qf2 46. b4 Qxh4 47. Be2 Qf2 48. Bc4 h5 49. b5 h4 50. b6 Qf3 51. Rd3 Qg2 52. b7 h3 53. Bxf7+ Kh8 54. Qc3 h2 55. Rh3+ 1-0

[Event "WC-2017-P-00012"]
[Site "LSS email"]
[Date "2013.02.27"]
[Round "?"]
[White "Shapovalov, Dima"]
[Black "Gyimesi, Jenoe"]
[Result "0-1"]
[WhiteElo "1727"]
[BlackElo "1911"]
[PlyCount "100"]
[EventDate "2013.03.03"]
[EventType "tourn (corr)"]
[EventRounds "12"]
[EventCountry "GER"]
[SourceTitle "Telechess CBM 167"]
[Source "ChessBase"]
[SourceDate "2015.07.13"]
[SourceVersion "1"]
[SourceVersionDate "2015.07.13"]
[SourceQuality "1"]

1. e4 e5 2. Nf3 Nc6 3. Bb5 a6 4. Ba4 Be7 5. 0-0 Nf6 6. Re1 d6 7. c3 0-0 8. h3 Be6 9. d4 exd4 10. cxd4 d5 11. e5 Ne4 12. Nbd2 Bf5 13. Bc2 Nxd2 14. Bxd2 Bxc2 15. Qxc2 Qd7 16. Rac1 a5 17. Bg5 Bb4 18. Red1 Rfc8 19. a3 Bf8 20. Rd3 h6 21. Be3 a4 22. Rc3 Ra6 23. Ne1 Rb6 24. Nd3 Ra8 25. Qe2 Qe6 26. Qf3 Ra5 27. Rd1 Qg6 28. Nf4 Qf5 29. Bc1 Rba6 30. Qe2 Ra8 31. Rf3 Re8 32. Be3 Qd7 33. Rc1 Ra6 34. Rg3 Na5 35. Qd3 Nc4 36. Nxd5 Nxe3 37. Nxe3 Rxe5 38. Qxa6 bxa6 39. dxe5 Qe6 40. Rxc7 Qxe5 41. Rb7 f5 42. Nf1 f4 43. Rd3 Be7 44. Rdd7 Bf6 45. Rb4 h5 46. Rd2 a5 47. Rxa4 Qb5 48. Re4 Bxb2 49. a4 Qf5 50. Re8+ Kf7 0-1

[Event "BI-2012-F-00014"]
[Site "LSS email"]
[Date "2013.02.15"]
[Round "?"]
[White "Endean, Andrew"]
[Black "Gyimesi, Jenoe"]
[Result "0-1"]
[WhiteElo "1574"]
[BlackElo "1932"]
[PlyCount "80"]
[EventDate "2013.02.20"]
[EventType "tourn (corr)"]
[EventRounds "10"]
[EventCountry "GER"]
[SourceTitle "Telechess CBM 163"]
[Source "ChessBase"]
[SourceDate "2014.11.11"]
[SourceVersion "2"]
[SourceVersionDate "2014.11.11"]
[SourceQuality "1"]

1. d4 Nf6 2. c4 e6 3. Nf3 d5 4. Nc3 Bb4 5. Bg5 dxc4 6. e4 c5 7. Bxc4 cxd4 8. Nxd4 Qa5 9. Bd2 Qc5 10. Bb5+ Bd7 11. Nb3 Qe7 12. Bd3 Nc6 13. 0-0 Ne5 14. Be2 Ng6 15. a3 Bd6 16. Bg5 Bc6 17. Nd4 0-0 18. Nxc6 bxc6 19. Bxf6 gxf6 20. Qc2 Rab8 21. g3 Be5 22. Rac1 Bd4 23. Rfd1 Rfd8 24. Kg2 Kh8 25. b4 a5 26. bxa5 Qa7 27. a6 Bxf2 28. Rxd8+ Rxd8 29. Nd1 Bb6 30. Qxc6 Rb8 31. Nc3 Ne5 32. Qa4 Qc7 33. Na2 Qd6 34. Qb4 Qd7 35. Qc3 Bd4 36. Qc7 Rb2 37. Kf1 Rxe2 38. Qb8+ Kg7 39. Kxe2 Ba7 40. Qb3 Qd4 0-1

[Event "BI-2012-F-00014"]
[Site "LSS email"]
[Date "2013.02.15"]
[Round "?"]
[White "Granara Barreto, Sebastian A"]
[Black "Gyimesi, Jenoe"]
[Result "1/2-1/2"]
[WhiteElo "1863"]
[BlackElo "1932"]
[PlyCount "91"]
[EventDate "2013.02.20"]
[EventType "tourn (corr)"]
[EventRounds "10"]
[EventCountry "GER"]
[SourceTitle "Telechess CBM 163"]
[Source "ChessBase"]
[SourceDate "2014.11.11"]
[SourceVersion "2"]
[SourceVersionDate "2014.11.11"]
[SourceQuality "1"]

1. d4 Nf6 2. c4 e6 3. Nc3 Bb4 4. e3 0-0 5. Nge2 d5 6. a3 Bd6 7. Ng3 c5 8. dxc5 Bxc5 9. b4 Bd6 10. Bb2 Nc6 11. cxd5 exd5 12. Nb5 Bb8 13. Be2 Ne5 14. Bd4 Re8 15. 0-0 Nfg4 16. h3 Nh6 17. Bc5 a6 18. Nc3 b6 19. Bd4 Bb7 20. Bf3 Nc4 21. Nce2 Bd6 22. Nf4 Qg5 23. Ngh5 Bf8 24. Rc1 Rac8 25. Ba1 Rcd8 26. g3 Nf5 27. Bg2 b5 28. h4 Qh6 29. Qd3 Bc8 30. Rfe1 Ne7 31. Qe2 Nxa3 32. Red1 Nc4 33. Nxd5 Nxd5 34. Bxd5 Bf5 35. Bc3 Rc8 36. Nf4 Be4 37. Bxe4 Rxe4 38. Qf3 Ree8 39. Qg4 Qc6 40. Rd5 Ne5 41. Qd1 f6 42. e4 Nf7 43. Bd2 Qb7 44. f3 Ne5 45. Kg2 Nc4 46. Qb3 1/2-1/2

[Event "BI-2012-F-00014"]
[Site "LSS email"]
[Date "2013.02.15"]
[Round "?"]
[White "Gyimesi, Jenoe"]
[Black "Sukhorskij, Vladimir Stanislavo"]
[Result "0-1"]
[WhiteElo "1932"]
[BlackElo "2128"]
[PlyCount "166"]
[EventDate "2013.02.20"]
[EventType "tourn (corr)"]
[EventRounds "10"]
[EventCountry "GER"]
[SourceTitle "Telechess CBM 163"]
[Source "ChessBase"]
[SourceDate "2014.11.11"]
[SourceVersion "2"]
[SourceVersionDate "2014.11.11"]
[SourceQuality "1"]

1. d4 Nf6 2. c4 e6 3. Nf3 d5 4. Nc3 Bb4 5. Bg5 Nbd7 6. Qb3 c5 7. cxd5 exd5 8. 0-0-0 Bxc3 9. Qxc3 0-0 10. dxc5 Qc7 11. Qc2 Ne4 12. Be3 Qa5 13. a3 Ndxc5 14. Bxc5 Nxc5 15. Rxd5 b6 16. Kb1 Bb7 17. Re5 Rac8 18. e4 Rfe8 19. Rxe8+ Rxe8 20. Ka2 Bxe4 21. b4 Bxc2 22. bxa5 Bb3+ 23. Ka1 Rd8 24. Bb5 bxa5 25. Rc1 Ne6 26. Bc4 Bxc4 27. Rxc4 Rd1+ 28. Kb2 g6 29. g3 Kg7 30. Ne5 Rd5 31. Ng4 Rh5 32. h4 Rf5 33. f4 Rd5 34. Ne3 Rd3 35. Rc3 Rd7 36. Nf1 a4 37. Rc4 Rd1 38. Ne3 Re1 39. Ng4 Rg1 40. h5 gxh5 41. Ne3 Re1 42. Re4 Kf8 43. Kc2 Re2+ 44. Kd1 Nd4 45. Rxd4 Rxe3 46. Rxa4 Rxg3 47. Ke2 h4 48. Kf2 Kg7 49. Rxa7 h6 50. Ra5 Kg6 51. Ra6+ f6 52. a4 Kf5 53. a5 Rg4 54. Ra8 Rxf4+ 55. Kg2 Ra4 56. Kh3 Kg5 57. Rg8+ Kh5 58. Rf8 Ra3+ 59. Kh2 Kg6 60. Rg8+ Kf5 61. Ra8 Kf4 62. a6 Ra1 63. Kg2 f5 64. a7 Ra4 65. Kh3 Ra2 66. Rb8 Rxa7 67. Kxh4 Re7 68. Rb1 Re3 69. Rb5 Re4 70. Rb1 Kf3+ 71. Kh3 Kf2 72. Rb2+ Re2 73. Rb4 Re3+ 74. Kh2 Re4 75. Rb2+ Re2 76. Rb4 Kf3+ 77. Kg1 Re1+ 78. Kh2 f4 79. Ra4 h5 80. Ra5 Kf2 81. Ra2+ Re2 82. Ra3 h4 83. Rb3 f3 0-1

[Event "BI-2012-F-00014"]
[Site "LSS email"]
[Date "2013.02.15"]
[Round "?"]
[White "Gyimesi, Jenoe"]
[Black "Taroma Corpus, Roger"]
[Result "1/2-1/2"]
[WhiteElo "1932"]
[BlackElo "1728"]
[PlyCount "93"]
[EventDate "2013.02.20"]
[EventType "tourn (corr)"]
[EventRounds "10"]
[EventCountry "GER"]
[SourceTitle "Telechess CBM 163"]
[Source "ChessBase"]
[SourceDate "2014.11.11"]
[SourceVersion "2"]
[SourceVersionDate "2014.11.11"]
[SourceQuality "1"]

1. e4 e5 2. Nf3 Nc6 3. Bb5 a6 4. Ba4 Nf6 5. 0-0 Bc5 6. c3 b5 7. Bc2 d6 8. d4 Ba7 9. dxe5 Nxe5 10. Nxe5 dxe5 11. Qxd8+ Kxd8 12. Nd2 Re8 13. Nf3 Bb7 14. Re1 Ke7 15. Bg5 Kf8 16. a4 h6 17. Bh4 Nh5 18. g4 Nf4 19. Bg3 f6 20. Bxf4 exf4 21. axb5 axb5 22. Kg2 Bb6 23. Rxa8 Rxa8 24. Nd4 Ra2 25. Rb1 b4 26. Kf3 bxc3 27. bxc3 Ba6 28. Bb3 Rd2 29. Ne6+ Ke7 30. Nxf4 Rxf2+ 31. Kg3 Rd2 32. Nd5+ Kd6 33. Nxb6 cxb6 34. Bd5 Kc5 35. Ra1 Rd3+ 36. Kh4 Bc4 37. Bxc4 Kxc4 38. Ra6 Kc5 39. Ra7 g5+ 40. Kh5 Rxc3 41. Kxh6 Kd4 42. Ra4+ Ke5 43. Kh5 Kf4 44. Rb4 Rc6 45. h4 gxh4 46. Kxh4 Rd6 47. Kh5 1/2-1/2

[Event "BI-2012-F-00014"]
[Site "LSS email"]
[Date "2013.02.15"]
[Round "?"]
[White "Sukhanitskij, Stanislav"]
[Black "Gyimesi, Jenoe"]
[Result "1/2-1/2"]
[WhiteElo "2003"]
[BlackElo "1932"]
[PlyCount "69"]
[EventDate "2013.02.20"]
[EventType "tourn (corr)"]
[EventRounds "10"]
[EventCountry "GER"]
[SourceTitle "Telechess CBM 163"]
[Source "ChessBase"]
[SourceDate "2014.11.11"]
[SourceVersion "2"]
[SourceVersionDate "2014.11.11"]
[SourceQuality "1"]

1. Nf3 d5 2. c4 d4 3. b4 f6 4. a3 e5 5. Qc2 a5 6. b5 Bc5 7. e3 Ne7 8. Be2 0-0 9. 0-0 Qd6 10. exd4 exd4 11. Re1 Nd7 12. d3 a4 13. Nbd2 f5 14. Nf1 Ng6 15. Ng3 Nf6 16. Bd1 f4 17. Ne4 Nxe4 18. Rxe4 b6 19. Re1 Bb7 20. Bd2 Rf5 21. Qa2 Qf6 22. Bb4 Ne5 23. Bxc5 bxc5 24. Nxe5 Rxe5 25. Rxe5 Qxe5 26. Qe2 Qf5 27. Qg4 Qxd3 28. Qe6+ Kh8 29. Bh5 Qe4 30. Qxe4 Bxe4 31. Re1 Bd3 32. Re5 Bxc4 33. Rxc5 Bd3 34. Bg4 Rb8 35. Bd7 1/2-1/2

[Event "CP-2012-P-00064"]
[Site "LSS email"]
[Date "2012.10.01"]
[Round "?"]
[White "Gonzalez, Roberto Enrique"]
[Black "Gyimesi, Jenoe"]
[Result "0-1"]
[WhiteElo "1186"]
[BlackElo "2007"]
[PlyCount "28"]
[EventDate "2012.10.05"]
[EventType "tourn (corr)"]
[EventRounds "6"]
[EventCountry "GER"]
[SourceTitle "Corr 2015"]
[Source "ChessBase"]
[SourceDate "2015.07.17"]
[SourceVersion "1"]
[SourceVersionDate "2015.07.17"]
[SourceQuality "1"]

1. b4 e5 2. Bb2 Bxb4 3. Bxe5 Nf6 4. Nf3 d5 5. e3 0-0 6. Bb2 Re8 7. Be2 c5 8. 0-0 Nc6 9. c4 d4 10. exd4 cxd4 11. Re1 Bg4 12. a3 Ba5 13. Qb3 Bxf3 14. Qxf3 d3 0-1

[Event "CP-2012-P-00064"]
[Site "LSS email"]
[Date "2012.10.01"]
[Round "?"]
[White "Kudr, Roman"]
[Black "Gyimesi, Jenoe"]
[Result "1-0"]
[WhiteElo "2092"]
[BlackElo "2007"]
[PlyCount "79"]
[EventDate "2012.10.05"]
[EventType "tourn (corr)"]
[EventRounds "6"]
[EventCountry "GER"]
[SourceTitle "Telechess CBM 159"]
[Source "ChessBase"]
[SourceDate "2014.03.17"]
[SourceVersion "1"]
[SourceVersionDate "2014.03.17"]
[SourceQuality "1"]

1. e4 c5 2. Nf3 d6 3. d4 cxd4 4. Nxd4 Nf6 5. Nc3 g6 6. Be3 Bg7 7. f3 Bd7 8. Qd2 Nc6 9. 0-0-0 h6 10. g4 Rc8 11. Be2 a6 12. h4 Ne5 13. Kb1 h5 14. g5 Nh7 15. Nd5 Nc4 16. Bxc4 Rxc4 17. b3 Rc8 18. Nf5 Bxf5 19. exf5 0-0 20. Bd4 Bxd4 21. Qxd4 Re8 22. fxg6 fxg6 23. Qe4 Kg7 24. Rhe1 e6 25. Nf4 Nf8 26. Qxb7+ Re7 27. Qxa6 Qc7 28. Rd2 Rd8 29. Rde2 Rde8 30. Qd3 Kf7 31. a4 Qb6 32. Qc3 Nd7 33. Kb2 Qc5 34. Qd3 Nf8 35. c3 Qb6 36. b4 Qb8 37. a5 Kg7 38. Nd5 Ra7 39. Kc2 Rf7 40. f4 1-0

[Event "BI-2012-P-00035"]
[Site "LSS email"]
[Date "2012.04.20"]
[Round "?"]
[White "Gyimesi, Jenoe"]
[Black "Markus, Roland"]
[Result "1/2-1/2"]
[WhiteElo "2007"]
[BlackElo "2237"]
[PlyCount "117"]
[EventDate "2012.04.22"]
[EventType "tourn (corr)"]
[EventRounds "10"]
[EventCountry "GER"]
[SourceTitle "Telechess CBM 159"]
[Source "ChessBase"]
[SourceDate "2014.03.17"]
[SourceVersion "1"]
[SourceVersionDate "2014.03.17"]
[SourceQuality "1"]

1. e4 c5 2. Nf3 d6 3. Nc3 Nf6 4. d4 cxd4 5. Nxd4 a6 6. Be3 e5 7. Nb3 Be7 8. Be2 Be6 9. Nd5 Nxd5 10. exd5 Bf5 11. 0-0 0-0 12. Nd2 Nd7 13. a4 Bg6 14. Nc4 f5 15. f4 e4 16. a5 Rc8 17. Nb6 Nxb6 18. Bxb6 Qe8 19. c4 Bf6 20. Ra2 Rf7 21. b4 Rd7 22. Ra3 Bf7 23. Rh3 Re7 24. Qd2 Kh8 25. Rc1 Kg8 26. g4 h6 27. gxf5 Qd7 28. Rg3 h5 29. Qe3 Rf8 30. Kh1 Qxf5 31. Rg2 Kh8 32. Rd1 Rc8 33. Bd4 Rg8 34. Rdg1 Bxd4 35. Qxd4 Be8 36. Qe3 Rf8 37. Rf1 Qd7 38. Qg3 g6 39. Qe3 Kh7 40. Rg3 Rf6 41. Rg5 Rf5 42. Rfg1 Rxg5 43. Rxg5 Qa4 44. Rg1 Qd7 45. Re1 Qc8 46. Qb6 Qh3 47. Qxd6 Rg7 48. Qf6 Qe3 49. Qh4 Qd2 50. Bf1 e3 51. Bh3 Rc7 52. Qg3 e2 53. Qf2 Qd3 54. Be6 Qe4+ 55. Kg1 Rxc4 56. Qxe2 Qxf4 57. Qf2 Qg5+ 58. Qg3 Qf6 59. Rf1 1/2-1/2